Súčasná situácia v poskytovaní rozvojovej pomoci

Rozvojová pomoc v súčasnosti už nie je len bilaterálnym vzťahom medzi donorom a prijímateľom, ale stále viac multilaterálnou celosvetovou iniciatívou. Úloha medzinárodných organizácií v medzinárodnom partnerstve. Popri paralelných tendenciách národných rozvojových agentúr, je činnosť medzinárodných...

Descrizione completa

Salvato in:
Dettagli Bibliografici
Autore principale: Ščepán, Michal
Natura: Capitolo di libro
Lingua:slovacco
Soggetti:
Tags: Aggiungi Tag
Nessun Tag, puoi essere il primo ad aggiungerne!!

MARC

LEADER 00000nla$a2200000$$$4500
001 0082760
005 20240502071929.5
041 0 |a slo 
044 |a SK 
245 1 0 |a Súčasná situácia v poskytovaní rozvojovej pomoci  |c Michal Ščepán 
520 |a Rozvojová pomoc v súčasnosti už nie je len bilaterálnym vzťahom medzi donorom a prijímateľom, ale stále viac multilaterálnou celosvetovou iniciatívou. Úloha medzinárodných organizácií v medzinárodnom partnerstve. Popri paralelných tendenciách národných rozvojových agentúr, je činnosť medzinárodných organizácií vyššou mierou oslobodená od partikulárnych zahranično-politických záujmov konkrétnych donorov a tým vytvára aj priestor pre vyššiu efektivitu vynaložených prostriedkov. Príspevok prezentuje kontrastné vnímanie rozvojovej pomoci ako prostriedku zahraničnej politiky a ako cesty k všeobecnému rozvoju prostredníctvom medzinárodnej solidarity. 
610 2 0 |a pomoc rozvojová 
610 2 0 |a politika zahraničná 
610 2 0 |a organizácie medzinárodné 
610 2 0 |a spolupráca medzinárodná 
100 1 |a Ščepán, Michal